| 000 | 00778nmc a2200277 a 4500 | ||
|---|---|---|---|
| 003 | AR-BaBNM | ||
| 005 | 20251128211542.0 | ||
| 008 | 224120s2001 ||||||||||||||000 | spa|| | ||
| 020 | _a958-20-0601-3 | ||
| 040 | _cAR-BaBNM | ||
| 100 | 1 | _aLópez Jiménez, Nelson Ernesto | |
| 245 | 1 | 0 | _aLa de-construcción curricular |
| 260 |
_aBogotá _bCooperativa Editorial Magisterio _c2001 |
||
| 300 | 0 | _a172 p. | |
| 490 | 0 | _aSeminarium | |
| 504 | _aContiene referencias bibliográficas p. 155-172 | ||
| 650 | 4 | _aPLAN DE ESTUDIOS | |
| 650 | 4 | _aDESARROLLO DEL CURRICULO | |
| 650 | 4 | _aINTERDISCIPLINARIEDAD | |
| 651 | 4 | _aColombia | |
| 653 | _aORGANIZACION CURRICULAR | ||
| 653 | _aGESTION CURRICULAR | ||
| 653 | _aTEORIA DEL CURRICULUM | ||
| 942 | _cBK | ||
| 998 | _craquel | ||
| 999 |
_c20156 _d20156 |
||